|
|
|
|
| LEADER |
00000nas a2200000 4500 |
| 001 |
ssj0001986 |
| 003 |
WaSeSS |
| 005 |
20200512172242.0 |
| 006 |
m d |
| 007 |
cr n |
| 008 |
750824c19709999nyubx p s 0 a0eng c |
| 010 |
|
|
|a 71024303
|
| 016 |
7 |
|
|a 101083517
|2 DNLM
|
| 022 |
|
|
|l 0014-0880
|y 0014-0880
|
| 032 |
|
|
|a 505650
|b USPS
|
| 035 |
|
|
|a (WaSeSS)ssj0001986
|
| 037 |
|
|
|b Essence Communications, Inc., 34 35th Street, Suite 5A, Brooklyn, NY 11232
|
| 040 |
|
|
|a MUL
|b eng
|c MUL
|d YUS
|d NSD
|d DLC
|d NSD
|d OCL
|d NST
|d AIP
|d NSD
|d AIP
|d NST
|d NSD
|d NST
|d MXC
|d OCL
|d SYS
|d CUS
|d DLC
|d NLM
|d OCLCQ
|d CDS
|d LVB
|d CUS
|d OCLCQ
|d OCLCF
|d OCLCQ
|d FEM
|d OCLCO
|d GRR
|d OCLCO
|d OCLCQ
|d CSJ
|d OCLCA
|d IUL
|d OCLCQ
|d KG7
|d OCLCQ
|d MAFCI
|d OCLCQ
|d OCLCO
|d OCLCA
|d JX9
|d OCLCO
|d CPO
|d OCLCO
|d X#4
|d IUL
|d DLC
|d WaSeSS
|
| 042 |
|
|
|a nsdp
|a pcc
|
| 043 |
|
|
|a n-us---
|
| 050 |
0 |
0 |
|a E185.86
|b .E7
|
| 082 |
0 |
4 |
|a 051
|
| 210 |
0 |
|
|a Essence
|
| 222 |
|
0 |
|a Essence
|
| 245 |
0 |
0 |
|a Essence
|h [electronic resource].
|
| 260 |
|
|
|a [New York],
|b [Essence Communications, etc.]
|
| 310 |
|
|
|a Six times per year,
|b <March/April 2020->
|
| 321 |
|
|
|a Monthly,
|b 1970-
|
| 321 |
|
|
|a Monthly (except January and August),
|b <2018>-Sept. 2018
|
| 321 |
|
|
|a Ten times per year,
|b Oct. 2018-
|
| 362 |
0 |
|
|a v. 1- May 1970-
|
| 506 |
|
|
|a License restrictions may limit access.
|
| 525 |
|
|
|a Supplements accompany some issues.
|
| 588 |
1 |
|
|a Volume 48, number 9 (October 2018).
|
| 650 |
|
0 |
|a African American women
|v Periodicals.
|
| 650 |
|
6 |
|a Noires américaines
|v Périodiques.
|
| 650 |
|
7 |
|a African American women.
|2 fast
|0 (OCoLC)fst00799438
|
| 650 |
|
2 |
|a African Americans.
|
| 650 |
|
2 |
|a Women.
|
| 655 |
|
0 |
|a Electronic journals.
|
| 776 |
0 |
8 |
|t Essence
|x 2691-5499
|w (DLC) 2019234261
|w (OCoLC)60630521
|
| 776 |
0 |
8 |
|i Microfilm version:
|t Essence
|d University Microfilms International
|x 0014-0880
|w (DLC)sf 86090610
|w (OCoLC)5146827
|
| 850 |
|
|
|a AAP
|a DLC
|a MH-BA
|a MMeT
|a MnU
|a MoSU
|a MoSW
|a NCH
|a NcWsW
|a NvU
|a P
|a PPD
|a TxHR
|a WvU
|
| 853 |
2 |
0 |
|8 2
|a v.
|b no.
|u 12
|v r
|i (year)
|j (month)
|w m
|x 05
|
| 853 |
0 |
0 |
|8 1
|a v.
|b no.
|i (year/year)
|j (month)
|
| 856 |
4 |
0 |
|z Full text available from Research Library: 01/01/1988 to present
|u https://search.proquest.com/publication/47627
|
| 863 |
4 |
1 |
|8 2.1
|a <34>
|b <4 >
|i <2003>
|j <08>
|
| 863 |
4 |
0 |
|8 1
|a <1>-
|i <1970/1971>-
|x provisional
|